<?xml version="1.0" encoding="UTF-8"?>
<record
    xmlns:xsi="http://www.w3.org/2001/XMLSchema-instance"
    xsi:schemaLocation="http://www.loc.gov/MARC21/slim http://www.loc.gov/standards/marcxml/schema/MARC21slim.xsd"
    xmlns="http://www.loc.gov/MARC21/slim">

  <leader>03317cam a22003374a 4500</leader>
  <datafield tag="999" ind1=" " ind2=" ">
    <subfield code="c">9965</subfield>
    <subfield code="d">9965</subfield>
  </datafield>
  <controlfield tag="001">45620640 </controlfield>
  <controlfield tag="003">OCoLC</controlfield>
  <controlfield tag="005">20241126110722.0</controlfield>
  <controlfield tag="008">001214s2001    miuabg   b    001 0 eng  </controlfield>
  <datafield tag="010" ind1=" " ind2=" ">
    <subfield code="a">00069199</subfield>
  </datafield>
  <datafield tag="020" ind1=" " ind2=" ">
    <subfield code="a">0802846602</subfield>
  </datafield>
  <datafield tag="020" ind1=" " ind2=" ">
    <subfield code="a">9780802846600</subfield>
  </datafield>
  <datafield tag="035" ind1=" " ind2=" ">
    <subfield code="a">(OCoLC)45620640</subfield>
    <subfield code="z">(OCoLC)45767525</subfield>
  </datafield>
  <datafield tag="040" ind1=" " ind2=" ">
    <subfield code="a">DLC</subfield>
    <subfield code="b">eng</subfield>
    <subfield code="c">DLC</subfield>
    <subfield code="d">UKM</subfield>
    <subfield code="d">LVB</subfield>
    <subfield code="d">OCLCQ</subfield>
    <subfield code="d">NLGGC</subfield>
    <subfield code="d">BAKER</subfield>
    <subfield code="d">YDXCP</subfield>
    <subfield code="d">OCLCQ</subfield>
    <subfield code="d">BTCTA</subfield>
    <subfield code="d">OCLCG</subfield>
    <subfield code="d">IG#</subfield>
    <subfield code="d">VA@</subfield>
    <subfield code="d">MNE</subfield>
    <subfield code="d">BDX</subfield>
    <subfield code="d">OCLCQ</subfield>
    <subfield code="d">OCLCO</subfield>
    <subfield code="d">OCLCA</subfield>
    <subfield code="d">OCLCF</subfield>
    <subfield code="d">OCLCQ</subfield>
  </datafield>
  <datafield tag="042" ind1=" " ind2=" ">
    <subfield code="a">pcc</subfield>
  </datafield>
  <datafield tag="050" ind1="0" ind2="0">
    <subfield code="a">BS2825.53</subfield>
    <subfield code="b">.K64 2001</subfield>
  </datafield>
  <datafield tag="082" ind1="0" ind2="0">
    <subfield code="a">228.07</subfield>
    <subfield code="2">21</subfield>
    <subfield code="b">KOE</subfield>
  </datafield>
  <datafield tag="100" ind1="1" ind2=" ">
    <subfield code="a">Koester, Craig R.,</subfield>
    <subfield code="d">1953-</subfield>
    <subfield code="9">17327</subfield>
  </datafield>
  <datafield tag="245" ind1="1" ind2="0">
    <subfield code="a">Revelation and the end of all things /</subfield>
    <subfield code="c">Craig R. Koester.</subfield>
  </datafield>
  <datafield tag="260" ind1=" " ind2=" ">
    <subfield code="a">Grand Rapids, Mich. :</subfield>
    <subfield code="b">W.B. Eerdmans,</subfield>
    <subfield code="c">&#x2117;&#x266D;2001.</subfield>
  </datafield>
  <datafield tag="300" ind1=" " ind2=" ">
    <subfield code="a">xiv, 209 pages :</subfield>
    <subfield code="b">illustrations, map, music ;</subfield>
    <subfield code="c">23 cm</subfield>
  </datafield>
  <datafield tag="336" ind1=" " ind2=" ">
    <subfield code="a">text</subfield>
    <subfield code="b">txt</subfield>
    <subfield code="2">rdacontent</subfield>
  </datafield>
  <datafield tag="337" ind1=" " ind2=" ">
    <subfield code="a">unmediated</subfield>
    <subfield code="b">n</subfield>
    <subfield code="2">rdamedia</subfield>
  </datafield>
  <datafield tag="338" ind1=" " ind2=" ">
    <subfield code="a">volume</subfield>
    <subfield code="b">nc</subfield>
    <subfield code="2">rdacarrier</subfield>
  </datafield>
  <datafield tag="504" ind1=" " ind2=" ">
    <subfield code="a">Includes bibliographical references (pages xiii-xiv) and index.</subfield>
  </datafield>
  <datafield tag="505" ind1="0" ind2="0">
    <subfield code="g">1.</subfield>
    <subfield code="t">Interpreting the Mystery</subfield>
    <subfield code="g">1 --</subfield>
    <subfield code="t">Future Prediction or Timeless Truth?</subfield>
    <subfield code="g">2 --</subfield>
    <subfield code="t">History, Politics, and Reform</subfield>
    <subfield code="g">8 --</subfield>
    <subfield code="t">Apocalyptic Fever, Disappointment, and Tragedy</subfield>
    <subfield code="g">14 --</subfield>
    <subfield code="t">Rapture, Tribulation, and Armageddon</subfield>
    <subfield code="g">19 --</subfield>
    <subfield code="t">Historical Study of Revelation</subfield>
    <subfield code="g">26 --</subfield>
    <subfield code="t">Silence or Song?</subfield>
    <subfield code="g">31 --</subfield>
    <subfield code="t">Venturing Forward</subfield>
    <subfield code="g">38 --</subfield>
    <subfield code="g">2.</subfield>
    <subfield code="t">Christ and the Churches (Revelation 1-3)</subfield>
    <subfield code="g">41 --</subfield>
    <subfield code="t">A Revelation--A Prophecy--A Letter (1:1-8)</subfield>
    <subfield code="g">42 --</subfield>
    <subfield code="t">In the Presence of the Living One (1:9-20)</subfield>
    <subfield code="g">52 --</subfield>
    <subfield code="t">Not All Readers Are Alike (2:1-3:22)</subfield>
    <subfield code="g">54 --</subfield>
    <subfield code="g">3.</subfield>
    <subfield code="t">Scroll Unsealed (Revelation 4-7)</subfield>
    <subfield code="g">71 --</subfield>
    <subfield code="t">Sovereign God (4:1-11)</subfield>
    <subfield code="g">72 --</subfield>
    <subfield code="t">Lamb Who Was Slain (5:1-14)</subfield>
    <subfield code="g">76 --</subfield>
    <subfield code="t">First Six Seals (6:1-17)</subfield>
    <subfield code="g">81 --</subfield>
    <subfield code="t">Redeemed: 144,000 and a Great Multitude (7:1-17)</subfield>
    <subfield code="g">88 --</subfield>
    <subfield code="g">4.</subfield>
    <subfield code="t">Trumpets of Terror and Hope (Revelation 8-11)</subfield>
    <subfield code="g">93 --</subfield>
    <subfield code="t">First Six Trumpets (8:1-9:21)</subfield>
    <subfield code="g">94 --</subfield>
    <subfield code="t">Judgment Interrupted (10:1-11)</subfield>
    <subfield code="g">101 --</subfield>
    <subfield code="t">Suffering, Witness, and Conversion (11:1-14)</subfield>
    <subfield code="g">104 --</subfield>
    <subfield code="t">Kingdom of the Lord (11:15-19)</subfield>
    <subfield code="g">111 --</subfield>
    <subfield code="g">5.</subfield>
    <subfield code="t">Beast and the Lamb (Revelation 12-15)</subfield>
    <subfield code="g">115 --</subfield>
    <subfield code="t">Woman, Michael, and the Dragon (12:1-18)</subfield>
    <subfield code="g">118 --</subfield>
    <subfield code="t">Two Beasts (13:1-18)</subfield>
    <subfield code="g">125 --</subfield>
    <subfield code="t">Judgment, Blessing, and Endurance (14:1-20)</subfield>
    <subfield code="g">135 --</subfield>
    <subfield code="t">Lord of the Nations (15:1-4)</subfield>
    <subfield code="g">141 --</subfield>
    <subfield code="g">6.</subfield>
    <subfield code="t">Harlot and the Bride (Revelation 15-19)</subfield>
    <subfield code="g">145 --</subfield>
    <subfield code="t">Seven Bowls of Wrath (15:5-16:21)</subfield>
    <subfield code="g">146 --</subfield>
    <subfield code="t">Great Harlot (17:1-18)</subfield>
    <subfield code="g">154 --</subfield>
    <subfield code="t">Babylon's Funeral (18:1-24)</subfield>
    <subfield code="g">162 --</subfield>
    <subfield code="t">Hallelujah, the Lord Reigns (19:1-10)</subfield>
    <subfield code="g">168 --</subfield>
    <subfield code="g">7.</subfield>
    <subfield code="t">End (Revelation 19-22)</subfield>
    <subfield code="g">171 --</subfield>
    <subfield code="t">Great Battle (19:11-21)</subfield>
    <subfield code="g">173 --</subfield>
    <subfield code="t">Millennial Kingdom (20:1-6)</subfield>
    <subfield code="g">180 --</subfield>
    <subfield code="t">Final Conflict and Final Judgment (20:7-15)</subfield>
    <subfield code="g">187 --</subfield>
    <subfield code="t">New Jersualem (21:1-22:5)</subfield>
    <subfield code="g">191 --</subfield>
    <subfield code="t">End Is Near (22:6-21)</subfield>
    <subfield code="g">201.</subfield>
  </datafield>
  <datafield tag="520" ind1="1" ind2=" ">
    <subfield code="a">"Craig Koester provides commentary on each section of the book of Revelation, drawing on the best recent scholarship and contemporizing his discussion with references to events like the siege at Waco, the phenomenal sales of the Left Behind series, and the use of Revelation in hymnody and art. Based on two decades of teaching Revelation to seminary students, pastors, and lay groups, this discussion strikes a balance between taking the text s first-century context seriously and making Revelation relevant to twenty-first-century readers."--Jacket.</subfield>
  </datafield>
  <datafield tag="630" ind1="0" ind2="0">
    <subfield code="a">Bible.</subfield>
    <subfield code="p">Revelation</subfield>
    <subfield code="v">Commentaries.</subfield>
    <subfield code="9">873</subfield>
  </datafield>
  <datafield tag="655" ind1=" " ind2="7">
    <subfield code="a">Commentaries.</subfield>
    <subfield code="2">fast</subfield>
    <subfield code="0">(OCoLC)fst01423723</subfield>
    <subfield code="9">875</subfield>
  </datafield>
  <datafield tag="942" ind1=" " ind2=" ">
    <subfield code="2">ddc</subfield>
    <subfield code="c">BK</subfield>
    <subfield code="0">2</subfield>
  </datafield>
  <datafield tag="952" ind1=" " ind2=" ">
    <subfield code="0">0</subfield>
    <subfield code="1">0</subfield>
    <subfield code="2">ddc</subfield>
    <subfield code="4">0</subfield>
    <subfield code="7">0</subfield>
    <subfield code="a">GBC</subfield>
    <subfield code="b">GBC</subfield>
    <subfield code="c">BS</subfield>
    <subfield code="d">2023-10-12</subfield>
    <subfield code="l">5</subfield>
    <subfield code="o">228.07 KOE</subfield>
    <subfield code="p">020598</subfield>
    <subfield code="r">2025-12-01 14:12:43</subfield>
    <subfield code="s">2025-11-25</subfield>
    <subfield code="t">c.1</subfield>
    <subfield code="w">2023-10-12</subfield>
    <subfield code="y">BK</subfield>
  </datafield>
</record>
